Statistics for Persona 4 Arena Ultimax Playable Characters Quiz

Click here to take the quiz!

General Stats

  • This quiz has been taken 57 times
  • The average score is 17 of 20

Answer Stats

CharacterPersona% Correct
Yu NarukamiIzanagi
100%
Naoto ShiroganeSukuna-Hikona
93%
Chie SatonakaTomoe
91%
Yosuke HanamuraJiraiya
91%
Yukiko AmagiKonohana Sakuya
91%
Kanji TatsumiTake-Mikazuchi
88%
MarieKaguya
88%
Rise KujikawaHimiko
88%
Tohru AdachiMagatsu-Izanagi
88%
ElizabethThanatos
86%
LabrysAriadne
86%
TeddieKintoki-Douji
86%
AigisPallas Athena
84%
Junpei IoriTrismegistus
84%
MargaretYoshitsune
79%
Yukari TakebaIsis
79%
Mitsuru KirijoArtemisia
77%
Akihiko SanadaCaesar
74%
Sho MinazukiTsukiyomi
72%
Ken Amada & KoromaruKala-Nemi & Cerberus
67%

Score Distribution

Percentile by Number Answered

Percent of People with Each Score

Your Score History

You have not taken this quiz